<?xml version="1.0" encoding="UTF-8"?><?xml-stylesheet type="text/xsl" href="static/style.xsl"?><OAI-PMH xmlns="http://www.openarchives.org/OAI/2.0/" xmlns:xsi="http://www.w3.org/2001/XMLSchema-instance" xsi:schemaLocation="http://www.openarchives.org/OAI/2.0/ http://www.openarchives.org/OAI/2.0/OAI-PMH.xsd"><responseDate>2026-06-05T19:15:32Z</responseDate><request verb="GetRecord" identifier="oai:riuma.uma.es:10630/18302" metadataPrefix="marc">https://riuma.uma.es/rest/oai/request</request><GetRecord><record><header><identifier>oai:riuma.uma.es:10630/18302</identifier><datestamp>2026-02-03T12:22:33Z</datestamp><setSpec>com_10630_2254</setSpec><setSpec>col_10630_37959</setSpec></header><metadata><record xmlns="http://www.loc.gov/MARC21/slim" xmlns:dcterms="http://purl.org/dc/terms/" xmlns:doc="http://www.lyncode.com/xoai" xmlns:xsi="http://www.w3.org/2001/XMLSchema-instance" xsi:schemaLocation="http://www.loc.gov/MARC21/slim http://www.loc.gov/standards/marcxml/schema/MARC21slim.xsd">
   <leader>00925njm 22002777a 4500</leader>
   <datafield ind2=" " ind1=" " tag="042">
      <subfield code="a">dc</subfield>
   </datafield>
   <datafield ind2=" " ind1=" " tag="720">
      <subfield code="a">Narváez-Peláez, Manuel</subfield>
      <subfield code="e">author</subfield>
   </datafield>
   <datafield ind2=" " ind1=" " tag="720">
      <subfield code="a">Santín-Núñez, Luis Javier</subfield>
      <subfield code="e">author</subfield>
   </datafield>
   <datafield ind2=" " ind1=" " tag="720">
      <subfield code="a">Tif, Maria</subfield>
      <subfield code="e">author</subfield>
   </datafield>
   <datafield ind2=" " ind1=" " tag="720">
      <subfield code="a">Fuxe, Kjell</subfield>
      <subfield code="e">author</subfield>
   </datafield>
   <datafield ind2=" " ind1=" " tag="720">
      <subfield code="a">Borroto Escuela, Dasiel Óscar</subfield>
      <subfield code="e">author</subfield>
   </datafield>
   <datafield ind2=" " ind1=" " tag="260">
      <subfield code="c">2019-09-11</subfield>
   </datafield>
   <datafield ind2=" " ind1=" " tag="520">
      <subfield code="a">Neurogenesis persists in the hippocampus throughout the lifespan in a wide variety of species including humans. Within the dentate gyrus of the hippocampus, the subgranular zone (SGZ) is maintained as a stem cell niche. We have previously shown that Galanin (GAL) interacts with Neuropeptide Y Y1 receptors (NPYY1R) in several regions of the central nervous system associated with mood and motivation. To examine the acute effects of GALR2/NPYY1R interactions on newborn cells proliferation we analyzed the effects of the intracerebroventricular (icv) of single injections with GAL and NPYY1 agonists or coadministered. Male Sprague-Dawley rats (n = 6-8 per group) were randomly assigned to the groups. Each group received i.c.v. injections of artificial Cerebro Spinal Fluid (aCSF), GAL or NPYY1R agonist [Leu31,Pro34]NPY alone or in combination. Intraperitoneal (ip) injections of exogenous cell DNA marker 5-bromo-2-deoxyuridine (BrdU) 50mg/Kg were made at 2 and 4 hours after icv injections and 24 hours later rats were anesthetized, transcardially perfused and the brains collected for immunostaining to evaluate cell proliferation. Coadministration of GAL and NPYY1R agonist increased BrdU-labeled cells located in the SGZ (P&lt;0,001) compared with aCSF, GAL and the NPYY1R-mediated hippocampal cell proliferation, These results will contribute to a better knowledge of the potential role of GAL and NPY family in mediating neurogenic actions and may give the basis for the therapeutic potential of targeting the GAL and NPY system in depressive disorders. Study supported by&#xd;
 &#xd;
Proyecto Crowfunding “Más Neuronas, menos depression” Universidad de Málaga. Acknowledgements to Catalina, Héctor Pittman Villarreal and Francisco Rodriguez López.</subfield>
   </datafield>
   <datafield ind1="8" ind2=" " tag="024">
      <subfield code="a">https://hdl.handle.net/10630/18302</subfield>
   </datafield>
   <datafield tag="653" ind2=" " ind1=" ">
      <subfield code="a">Neurogénesis</subfield>
   </datafield>
   <datafield ind2="0" ind1="0" tag="245">
      <subfield code="a">Improvement on hippocampal neuroproliferation through galanin and neuropeptide y y1 receptor agonist interaction</subfield>
   </datafield>
</record>
</metadata></record></GetRecord></OAI-PMH>